| 000 | 00519nam a2200217Ia 4500 | ||
|---|---|---|---|
| 003 | 0100 | ||
| 008 | 130303s9999 xx 000 0 und d | ||
| 020 | _a898707234 | ||
| 040 | _cARRUPELIB | ||
| 050 | _aBX1805.R381999 | ||
| 100 | _aRay, Stephen K | ||
| 245 | _aUpon this rock , St.Peter and the early church | ||
| 260 | _aSan Francisco | ||
| 260 | _bIgnatius press | ||
| 260 | _C1999 | ||
| 300 | _a331p. | ||
| 300 | _b23cm | ||
| 440 | _aModern apologetics library | ||
| 700 | _aStephen K. Ray | ||
| 942 | 0 | 0 | _02 |
| 999 |
_c8469 _d8469 |
||